Entrepreneurship and small business / (Record no. 1079)
[ view plain ]
| 000 -LEADER | |
|---|---|
| fixed length control field | 00787nam a22002292 4500 |
| 001 - CONTROL NUMBER | |
| control field | 0000019384 |
| 005 - DATE AND TIME OF LATEST TRANSACTION | |
| control field | 20151021151133.0 |
| 008 - FIXED-LENGTH DATA ELEMENTS--GENERAL INFORMATION | |
| fixed length control field | 101112s xx 000 0 eng d |
| 020 ## - INTERNATIONAL STANDARD BOOK NUMBER | |
| International Standard Book Number | 0470810821 : |
| 040 ## - CATALOGING SOURCE | |
| Original cataloging agency | KABU |
| Transcribing agency | KABU |
| 100 1# - MAIN ENTRY--PERSONAL NAME | |
| Personal name | Schaper, Michael. |
| -- | 0000179072 |
| 245 10 - TITLE STATEMENT | |
| Title | Entrepreneurship and small business / |
| Statement of responsibility, etc. | Michael Schaper, Thierry Volery. |
| 250 ## - EDITION STATEMENT | |
| Edition statement | 2nd Pacific Rim ed. |
| 260 ## - PUBLICATION, DISTRIBUTION, ETC. (IMPRINT) | |
| Place of publication, distribution, etc. | Milton Qld, England : |
| Name of publisher, distributor, etc. | J. Wiley, |
| Date of publication, distribution, etc. | 2007. |
| 300 ## - PHYSICAL DESCRIPTION | |
| Extent | xiii, 482 p. |
| 650 #0 - SUBJECT ADDED ENTRY--TOPICAL TERM | |
| Topical term or geographic name as entry element | Small business |
| General subdivision | Management |
| Geographic subdivision | Pacific area. |
| -- | 0000179073 |
| 650 #0 - SUBJECT ADDED ENTRY--TOPICAL TERM | |
| Topical term or geographic name as entry element | Entrepreneurship |
| General subdivision | Management. |
| Geographic subdivision | Pacific area. |
| -- | 0000179074 |
| 700 1# - ADDED ENTRY--PERSONAL NAME | |
| Personal name | Volerry, Thierry. |
| -- | 0000179075 |
| 852 1# - LOCATION | |
| -- | p5070 KES |
| 908 ## - PUT COMMAND PARAMETER (RLIN) | |
| Put command parameter | 101112 |
| 950 ## - LOCAL HOLDINGS (RLIN) | |
| -- | 1 |
| Withdrawn status | Lost status | Source of classification or shelving scheme | Not for loan | Home library | Current library | Date acquired | Total Checkouts | Full call number | Barcode | Date last seen | Date last checked out | Price effective from | Koha item type |
|---|---|---|---|---|---|---|---|---|---|---|---|---|---|
| Library of Congress Classification | Kabarak, Nairobi City Campus | Kabarak, Nairobi City Campus | 17/12/2015 | 1 | HD2346 .P23S33 2007 c. 1 | 23386 | 02/08/2024 | 15/07/2016 | 17/12/2015 | General Collection | |||
| Library of Congress Classification | Kabarak, Nakuru City Campus | Kabarak, Nakuru City Campus | 21/10/2015 | 2 | HD2346 .P23S33 2007 c. 1 | 23268 | 30/11/2018 | 26/10/2018 | 21/10/2015 | General Collection |